Gares sur la ligne de Tours à Saincaize - Statistiques

Statistiques générales
  • Ce quiz a été pris 9 fois
  • Le résultat moyen est 16 sur 27
Statistiques - réponses
Département Gare % Correct
(18) Bourges
100%
Nièvre (58) Saincaize
100%
Cher (18) Vierzon
100%
(37) Saint-Pierre-des-Corps
88%
Indre-et-Loire (37) Tours
88%
(37) Bléré - La Croix
75%
Indre-et-Loire (37) Chenonceaux
63%
(41) Montrichard
63%
(41) Selles-sur-Cher
63%
(18) Avord
50%
(37) Azay-sur-Cher
50%
Loir-et-Cher (41) Chissay-en-Touraine
50%
(18) Foëcy
50%
(41) Gièvres
50%
(18) Marmagne
50%
Loir-et-Cher (41) Mennetou-sur-Cher
50%
(18) Nérondes
50%
(41) Saint-Aignan - Noyers
50%
(37) Saint-Martin-le-Beau
50%
(41) Thésée
50%
(37) Véretz - Montlouis
50%
(18) Vierzon-Forges
50%
(41) Villefranche-sur-Cher
50%
(18) Bengy-sur-Craon
38%
Cher (18) La Guerche-sur-l'Aubois
38%
(18) Saint-Germain-du-Puy
38%
(18) Mehun-sur-Yèvres
0%
Aucun quiz correspondant
Distribution des résultats
% des personnes avec chaque résultat
Percentile par nombre de réponses
Votre historique - résultats
Vous n’avez pas pris ce quiz